Albo d'Oro MotoGP - Piloti - Statistics

Statistiche generali
  • Questo quiz è stato fatto 785 volte
    583 dall'ultimo reset
  • Il punteggio medio è 22 su 23
Statistiche sulle risposte
Edizione Nazione Pilota % Corretto
2002 Italia Valentino Rossi
100%
2003 Italia Valentino Rossi
100%
2004 Italia Valentino Rossi
100%
2005 Italia Valentino Rossi
100%
2008 Italia Valentino Rossi
100%
2009 Italia Valentino Rossi
100%
2013 Spagna Marc Márquez
99%
2014 Spagna Marc Márquez
99%
2016 Spagna Marc Márquez
99%
2017 Spagna Marc Márquez
99%
2018 Spagna Marc Márquez
99%
2019 Spagna Marc Márquez
99%
2022 Italia Francesco Bagnaia
97%
2023 Italia Francesco Bagnaia
97%
2024 Spagna Jorge Martín
91%
2021 Francia Fabio Quartararo
90%
2010 Spagna Jorge Lorenzo
90%
2012 Spagna Jorge Lorenzo
90%
2015 Spagna Jorge Lorenzo
90%
2007 Australia Casey Stoner
88%
2011 Australia Casey Stoner
88%
2020 Spagna Joan Mir
83%
2006 Stati Uniti Nicky Hayden
77%
Nessun quiz corrispondente trovato
Distribuzione punteggi
Percentuale di utenti per punteggio
Percentile per numero di risposta
I tuoi punteggi nel tempo
Non hai fatto questo quiz dall'ultimo reset